书目信息 |
| 题名: |
小型住宅(二)
|
|
| 作者: | 马欣凡 , 庄文豪 著 | |
| 分册: | ||
| 出版信息: | 广州 广东科技出版社 2001.09 |
|
| 页数: | 80页 | |
| 开本: | 16*18cm | |
| 丛书名: | ||
| 单 册: | ||
| 中图分类: | TU , TU238.2-64 | |
| 科图分类: | ||
| 主题词: | 建筑设计 | |
| 电子资源: | ||
| ISBN: | 7-5359-2756-4 | |
| 000 | 00630nam0 2200217 45 | |
| 001 | 0332369640 | |
| 005 | 2003032508592896 | |
| 010 | @a7-5359-2756-4@d20.00CNY | |
| 100 | @a20030325d2001 km y0chiy0120 ea | |
| 101 | 0 | @achi |
| 102 | @aCN@b440000 | |
| 200 | 1 | @a小型住宅(二)@Axiao xing zhu zhai(er)@f马欣凡,庄文豪著@Fma xin fan,zhuang wen hao zhu |
| 210 | @a广州@c广东科技出版社@d2001.09 | |
| 215 | @a80页@d16*18cm | |
| 606 | 0 | @a建筑设计 |
| 690 | @aTU@v3 | |
| 690 | @aTU238.2-64@v4 | |
| 701 | 0 | @a马欣凡@Ama xin fan@4著 |
| 701 | 0 | @a庄文豪@Azhuang wen hao@4著 |
| 801 | 0 | @aCN@bPFT@c20030325 |
| 905 | @a10447@dTU238.2-64@eM191:2 | |
| 小型住宅(二)/马欣凡,庄文豪著.-广州:广东科技出版社,2001.09 |
| 80页;16*18cm |
| ISBN 7-5359-2756-4:20.00CNY |
| ● |
| 相关链接 |
|
|
|
正题名:小型住宅(二)
索取号:TU238.2-64/M191:2
 
预约/预借
| 序号 | 登录号 | 条形码 | 馆藏地/架位号 | 状态 | 备注 |
| 1 | 367655 | 203676557 | 自科二线404/404自科库 11排6列3层/ [索取号:TU238.2-64/M191:2] | 在馆 | |
| 2 | 367656 | 203676566 | 建筑库101/101建筑库 57排1列5层/ [索取号:TU238.2-64/M191:2] | 在馆 | |
| 3 | 367657 | 203676575 | 自科二线404/404自科库 11排6列4层/ [索取号:TU238.2-64/M191:2] | 在馆 |